| 000 | 00598 a2200193 4500 | ||
|---|---|---|---|
| 003 | OSt | ||
| 005 | 20230322104602.0 | ||
| 008 | 220726s2015 a||||r|||| 00| 0 eng d | ||
| 020 | _a9781518612640 | ||
| 040 | _cCHAP | ||
| 082 | 0 | 0 |
_a631.582 _bH87 2015 _222 |
| 100 | 1 |
_9186426 _aHughston, Michael |
|
| 245 | 1 | 0 |
_aHydroponic gardening : _bgrowing vegetables without soil / _cpor Michael Hughston. |
| 250 | _aSegunda edición. | ||
| 264 | 4 |
_aRach Helson LLC ALL rights reserverd : _cCopyrigtht, _b2015. |
|
| 300 | _ax,77 páginas. | ||
| 650 | 2 |
_9145364 _aCultivos hidropónicos |
|
| 942 |
_2ddc _cLIBRO |
||
| 999 |
_c217349 _d217349 |
||